| 000 | 01153cab a2200265 4500 | ||
|---|---|---|---|
| 001 | ABS46067 | ||
| 008 | 090401t1992 xxu||||| |||| 00| 0 eng d | ||
| 035 | _a(Sirsi) u56676 | ||
| 041 | _aeng | ||
| 100 | _aSexton, P. | ||
| 245 | _aAuthorised property units trusts | ||
| 260 | _c1992 | ||
| 350 | _a0 | ||
| 490 |
_aJournal of Property Finance _v2(4) Spring 1992, 468-475(8) |
||
| 520 | _aLooks at the origins of Authorised Property Unit Trusts (APUTs) which came into effect from 15 July 1991 and the rules and regulations which govern them. Further considers why Norwich Union established an APUT, how it has set up the NPT, the structure of the trust, the target market and the liquidity strategy of the fund. Concludes with suggestions on how APUTS might evolve in future. (Adapted from Journal Abstract). | ||
| 650 | _aAUTHORISED PROPERTY UNIT TRUSTS | ||
| 650 | _aFINANCIAL SERVICES (REGULATED SCHEMES) ACT 1991 | ||
| 650 | _aNORWICH PROPERTY TRUST | ||
| 650 | _aNORWICH UNION | ||
| 650 | _aPROPERTY UNIT TRUSTS | ||
| 690 | _aPROPERTY-PROPERTY FINANCE AND INVESTMENT | ||
| 700 | _aLaxton, C. | ||
| 942 | _n0 | ||
| 948 | _c04/03/1997 | ||
| 999 |
_c34590 _d34590 |
||